A narrative analysis of the folk ballad of Rani Rupi of the Lahaula tribe: A study based on the perspective of gander (Record no. 533113)

000 -LEADER
fixed length control field 00675nam a22001337a 4500
008 - FIXED-LENGTH DATA ELEMENTS--GENERAL INFORMATION
fixed length control field 260424b ||||| |||| 00| 0 eng d
100 ## - MAIN ENTRY--PERSONAL NAME
Personal name Abhilasha and Kumar, Ashwani
245 ## - TITLE STATEMENT
Title A narrative analysis of the folk ballad of Rani Rupi of the Lahaula tribe: A study based on the perspective of gander
260 ## - PUBLICATION, DISTRIBUTION, ETC. (IMPRINT)
Place of publication, distribution, etc Man in India
300 ## - PHYSICAL DESCRIPTION
Extent 105(3&4), 2025: p.253-262
520 ## - SUMMARY, ETC.
Summary, etc The folklore of Lahaula tribe is very vast especially it has a rich heritage of folk ballads of different genres like narrating stores of deities, embellishments, marriage rituals, historical incidents significant person etc. –Reproduced
773 ## - HOST ITEM ENTRY
Main entry heading Man in India
942 ## - ADDED ENTRY ELEMENTS (KOHA)
Item type Articles
Holdings
Withdrawn status Lost status Source of classification or shelving scheme Damaged status Not for loan Permanent location Current location Date acquired Serial Enumeration / chronology Barcode Date last seen Koha item type
          Indian Institute of Public Administration Indian Institute of Public Administration 2026-04-24 105(3&4), 2025: p.253-262 AR138624 2026-04-24 Articles

Powered by Koha